000 00715nam a2200229 i 4500
001 C2-0299415
003 PPAK
005 20180728081057.0
008 090721s xx a|||| ||||| | may d
040 _aPPAK
_beng
_cPPAK
_erda
082 0 4 _a899.231
_223
090 0 0 _a899.231
_bKUM
_dKSS
100 0 _aKumpulan karyawan rakyat Kedah (KARYA),
_eauthor
245 1 0 _aPuisi-puisi Langkawi
264 1 _a[place of publication not identified] :
_b[publisher not identified] ,
_c[date of publication not identified]
300 _a32 pages :
_billustrations ;
_c20 cm
336 _2rdacontent
_atext
337 _2rdamedia
_aunmediated
338 _2rdacarrier
_avolume
650 1 0 _aMalay Poetry
942 _ddc
_cB
999 _c103359
_d103359